000 00256 a2200121 4500
001 60556
090 _c37017
_d37017
100 _aSaleemi Fouzia
245 _aPhysics XII
250 _a1
260 _alahore
_bPunjab Textbook Board
_c2004
300 _a268
942 _aNUST-CAE
_k530 SAL
999 _c295629
_d295629